000 01102nam0a2200277 4500
001 RU\NLR\bibl\484037
005 20260408191435.0
035 _a(NLR Aleph) 000476779
090 _a1028291
_c1028291
100 _a20040128d2003 |||y0rusy50 ca
101 0 _arus
102 _aRU
105 _aa |||||||||
200 1 _aЭлектрические кабели, провода, шнуры и средства их монтажа
_eТехн. кат.
_fКорпорация Макском-электро
210 _a[Королев]
_cБ.и.
_d2003
215 _a56 с.
_cил.
_d21
606 0 _aЭлектроустановочные материалы
_jКаталоги
_91147359
_3RU\NLR\auth\66139155
606 _aКабельные изделия
_jКаталоги
_3RU\NLR\auth\661271295
_92102264
686 _aЗ232.3я87
686 _aЗ29-5-081-3я87
711 0 2 _a"Макском-электро", корпорпция
_cКоролев
_3RU\NLR\AUTH\8810051219
_9602717
801 0 _aRU
_bNLR
_c20040128
_gPSBO
801 1 _aRU
_bNLR
_c20040128
942 _cBOOK
980 _aNB